=LDR 00000nam 2200000 4500 =001 INLIS000000000026875 =005 20130612125307 =008 ***********************************ind** =035 ##$$a0010-061300000026875 =041 ##$$a ind =082 ##$$a 796.07 =090 ##$$a 796.07, SUP g =100 ##$$a Supriyanto, Joko =245 ##$$a Gembira berolahraga untuk SD dan MI, Joko Supriyanto =260 ##$$a 2006 $b Solo =300 ##$$a ...jil, ilus., 26 cm =650 ##$$a Olah Raga =650 ##$$a Studi dan Pengajaran =850 ##$$a NBPNMAT =990 ##$$a 21400613/BPAP-NTB/20142014